000 00834nam a22002417a 4500
001 0000003818
003 PPM
005 20260421113244.0
008 260421b ||||| |||| 00| 0 eng d
020 _a983431230X
_cRM 20.00
_qPaperback
035 _a0000003818
040 _bMalay
_cPusat Penyelidikan Mineral, Jabatan Mineral Dan Geosains Malaysia
_dPPM
_eRDA
082 0 0 _222
_a651.2095
_bSAV 2006
100 1 _aSavumthararaj, G.
_eauthor
245 1 0 _aPengenalan Kepada Pengurusan Rekod Dan Sistem Fail /
_cby Savumthararaj.G
250 _a1st.ed.
260 1 _aKuala Lumpur :
_bSavumthararaj.G.,
_c2006
300 0 0 _avi, 184 pages.,
_btable, illustrations .;
_c25 cm
504 _aMengandungi rujukan bibliografi (p.: 181 - 184 )
650 1 0 _aRecords
_x Management
_zMalaysia
650 2 0 _aFiling systems
942 _2ddc
_cBK
999 _c27209
_d27209